00846nam a2200265 i 450000100060000000300090000600500170001500700030003200800410003502000180007610000160009424501720011025000120028226000340029430000220032849000120035050000120036250400200037470000320039470000170042674000500044374000420049383000120053585200330054733806ES-MaACL20230906154826.0t|030203s1984 sp ||||1| spa d a84-376-0188-61 aBlack, Max.10aInducción y probabilidad / cMax Black. Historia y justificación de la inducción / Alfonso García Suárez. Los métodos de inducción de Mill / J. L. Macki. a2ª ed. aMadrid : bCátedra, c1984. a186 p. ; c18 cm.1 aTeorema aIndice. aBibliografía.1 aGarcía Suárez, Alfonso.1 aMacki, J. L.0 aHistoria y justificación de la inducción.4 aLos métodos de inducción de Mill.0 aTeorema aES-MaACLjL-12346 bR.114579